000 00534nam a2200169Ia 4500
008 110201s9999 xx 000 0 und d
082 _bB4098
_aK 1734
100 _aव्हटकर अशोक
245 _aअजिंक्य आंबी
260 _bउदयदिप प्रकाशन
365 _b35
600 _aव्हटकर अशोक
630 _aअजिंक्य आंबी
700 _aव्हटकर अशोक
730 _aअजिंक्य आंबी
942 _cBOOK
999 _c830598
_d830595